Doings, non-doings, and mis-doings by Kenya Chief Justices, 1963-1998 / (Record no. 479)

MARC details
000 -LEADER
fixed length control field 01455cam a2200385 i 4500
001 - CONTROL NUMBER
control field 17287241
003 - CONTROL NUMBER IDENTIFIER
control field OSt
005 - DATE AND TIME OF LATEST TRANSACTION
control field 20230606083256.0
008 - FIXED-LENGTH DATA ELEMENTS--GENERAL INFORMATION
fixed length control field 120507s2012 ke abc 001 0aeng
010 ## - LIBRARY OF CONGRESS CONTROL NUMBER
LC control number 2012311370
020 ## - INTERNATIONAL STANDARD BOOK NUMBER
International Standard Book Number 9789966712356 (pbk.)
020 ## - INTERNATIONAL STANDARD BOOK NUMBER
International Standard Book Number 9966712356 (pbk.)
035 ## - SYSTEM CONTROL NUMBER
System control number (OCoLC)ocn794838568
040 ## - CATALOGING SOURCE
Original cataloging agency DLC
Language of cataloging eng
Description conventions rda
Transcribing agency DLC
Modifying agency OI@
-- IUL
-- OUN
-- OCLCF
-- DLC
042 ## - AUTHENTICATION CODE
Authentication code lcode
-- lccopycat
043 ## - GEOGRAPHIC AREA CODE
Geographic area code f-ke---
082 04 - DEWEY DECIMAL CLASSIFICATION NUMBER
Classification number 347.6762014
Edition number 23
100 1# - MAIN ENTRY--PERSONAL NAME
Personal name Cockar, Abdul Majid,
Dates associated with a name 1923-
Relator term author.
245 10 - TITLE STATEMENT
Title Doings, non-doings, and mis-doings by Kenya Chief Justices, 1963-1998 /
Statement of responsibility, etc. by Justice Abdul Majid Cockar E.G.H.
264 #1 - PRODUCTION, PUBLICATION, DISTRIBUTION, MANUFACTURE, AND COPYRIGHT NOTICE
Place of production, publication, distribution, manufacture Nairobi, Kenya :
Name of producer, publisher, distributor, manufacturer Zand Graphics, Ltd.
Date of production, publication, distribution, manufacture, or copyright notice 2012.
300 ## - PHYSICAL DESCRIPTION
Extent x, 290 pages :
Other physical details illustrations, maps, portraits ;
Dimensions 25 cm
336 ## - CONTENT TYPE
Content type term text
Content type code txt
Source rdacontent
337 ## - MEDIA TYPE
Media type term unmediated
Media type code n
Source rdamedia
338 ## - CARRIER TYPE
Carrier type term volume
Carrier type code nc
Source rdacarrier
500 ## - GENERAL NOTE
General note Includes index.
500 ## - GENERAL NOTE
General note "edited by Zarina Patel"--Cover.
600 10 - SUBJECT ADDED ENTRY--PERSONAL NAME
Personal name Cockar, Abdul Majid,
Dates associated with a name 1923-
650 #0 - SUBJECT ADDED ENTRY--TOPICAL TERM
Topical term or geographic name as entry element Judges
Geographic subdivision Kenya
Form subdivision Biography.
650 #7 - SUBJECT ADDED ENTRY--TOPICAL TERM
Topical term or geographic name as entry element Judges.
Source of heading or term fast
Authority record control number (OCoLC)fst00984490
651 #7 - SUBJECT ADDED ENTRY--GEOGRAPHIC NAME
Geographic name Kenya.
Source of heading or term fast
Authority record control number (OCoLC)fst01208718
856 41 - ELECTRONIC LOCATION AND ACCESS
Materials specified Table of contents only
Uniform Resource Identifier <a href="http://catdir.loc.gov/catdir/toc/fy13pdf02/2012311370.html">http://catdir.loc.gov/catdir/toc/fy13pdf02/2012311370.html</a>
906 ## - LOCAL DATA ELEMENT F, LDF (RLIN)
a 7
b cbc
c copycat
d 2
e ncip
f 20
g y-gencatlg
942 ## - ADDED ENTRY ELEMENTS (KOHA)
Source of classification or shelving scheme Dewey Decimal Classification
Koha item type Books
Holdings
Withdrawn status Lost status Source of classification or shelving scheme Damaged status Not for loan Home library Current library Date acquired Total Checkouts Full call number Barcode Date last seen Price effective from Koha item type
    Dewey Decimal Classification     Bunge Tower Library Bunge Tower Library 06/06/2023   347.6762014 10015770 06/06/2023 06/06/2023 Books
    Dewey Decimal Classification     Bunge Tower Library Bunge Tower Library 06/06/2023   347.6762014 10015771 06/06/2023 06/06/2023 Books
LIBRARY OPENING HOURS

When the Parliament is sitting: 8.00a.m - 7.00p.m or until the house adjourns
Mondays and Fridays and when the House is on Recess:  8.00a.m - 5.00p.m
Closed on Weekends and Public Holidays

Online Public Access Catalog (OPAC)
Website: http://www.parliament.go.ke
Bunge Library: https://libraryir.parliament.go.ke
Contact: library@parliament.go.ke | Tel no: (254-2)2221291 or 2848000 Ext 5043